La Creatividad : desde una perspectiva psicodinámica /

Obra que sostiene una concepción de la creatividad como un cambio en la percepción que el hombre tiene de sí mismo, alude a su capacidad para desarrollar plenamente su propio potencial creador. Desde esa perspectiva, y dado que la creatividad es fundamentalmente producto del propio yo, Matussek sost...

Celý popis

Uloženo v:
Podrobná bibliografie
Hlavní autor: Matussek, Paul (autor)
Médium: Kniha
Jazyk:španělština
Vydáno: Barcelona, España : Herder, 1984
Vydání:2a edición
Témata:
Tagy: Přidat tag
Žádné tagy, Buďte první, kdo vytvoří štítek k tomuto záznamu!

MARC

LEADER 00000nam^a2200000^a^4500
001 000042598
005 20250521000000.0
009 20260526114915.833
020 |a 84-254-0647-1 
037 |a Acervo ITESO - Biblioteca 
041 |a ESP 
082 |a 155. 61  |b MAT 
100 |a Matussek, Paul  |e (autor) 
245 1 3 |a La Creatividad : desde una perspectiva psicodinámica /  |c P. Matussek; tr. por M. Villanueva. 
250 |a 2a edición 
264 1 |a Barcelona, España :  |b Herder,  |c 1984 
300 |a 301 p. 
336 |a texto  |b txt  |2 rdacontenido 
337 |a sin mediación  |b n  |2 rdamedio 
338 |a volumen  |b nc  |2 rdasoporte 
500 |a Traducción de: Kreativität al Chance 
520 |a Obra que sostiene una concepción de la creatividad como un cambio en la percepción que el hombre tiene de sí mismo, alude a su capacidad para desarrollar plenamente su propio potencial creador. Desde esa perspectiva, y dado que la creatividad es fundamentalmente producto del propio yo, Matussek sostiene que si un individuo se conoce bien puede ser el punto de partida para que desarrolle aquello que no ha desarrollado. A partir de experiencias psicoterapéuticas individuales, el autor intenta clarificar qué es lo que bloquea y lo que fomenta la capacidad creadora. 
649 |a XX 
650 |a Psicología 
650 |a Psicología Cognitiva 
650 |a Creatividad 
910 |a Fondo General 
920 |a Impresos - Libros 
930 |a Colección General 
905 |a 101 
901 |a 0425980100  |b IT1  |c ACC  |i 042598  |u 20250521 
902 |a https://opac.biblio.iteso.mx/vufind/Record/000042598